000 00459nam a2200181Ia 4500
001 10921
005 20260306161908.0
008 260306t2009||||xx |||||||||||||| ||spa||
041 _aESP
082 _a983.092
_bA77
100 _aArrau Corominas, Fernando
_eAUT
245 0 _aEl diputado Bernardo O´Higgins en el Congreso de 1811
260 _c2009
300 _a117 páginas :
_c22 cm.
650 _aGEN
654 _aCHU
942 _cLIB
_dJUS
_fJUS
_2ddc
_n
999 _c10921
_d10921